North American Pro Sports Teams Arenas and Stadiums - Statistics

General Stats
  • This quiz has been taken 1,254 times
    430 since last reset
  • The average score is 56 of 112
Answer Stats
Answer % Correct
Oracle Park
79%
Caesars Superdome
78%
Madison Square Garden
78%
Yankee Stadium
75%
MetLife Stadium
74%
Soldier Field
74%
Arrowhead Stadium
73%
Ford Field
73%
SoFi Stadium
73%
AT&T Stadium
72%
Crypto.com Arena
72%
Frost Bank Center
72%
Mercedes Benz Stadium
72%
TD Garden
72%
Wrigley Field
72%
Lambeau Field
71%
Dodger Stadium
70%
Fenway Park
70%
Gillette Stadium
70%
State Farm Arena
70%
State Farm Stadium
70%
Chase Center
69%
Empower Field at Mile High
68%
Hard Rock Stadium
66%
Levis Stadium
66%
Acrisure Stadium
64%
Chase Field
64%
Citi Field
64%
Target Center
64%
Target Field
64%
Lucas Oil Stadium
63%
Rogers Arena
61%
Rogers Centre
61%
Rogers Place
61%
United Center
61%
Lincoln Financial Field
60%
Northwest Stadium
60%
Coors Field
59%
Highmark Field
59%
Allegiant Stadium
57%
Angel Stadium
57%
FedEx Forum
57%
Petco Park
57%
T Mobile Park
57%
US Bank Stadium
57%
George M Steinbrenner Field
56%
Kaseya Center
55%
Little Caesars Arena
55%
NRG Stadium
55%
Oriole Park at Camden Yards
55%
TMobile Arena
55%
Bank of America Stadium
54%
Daikin Park
54%
Lumen Field
54%
Ball Arena
53%
Lenovo Center
53%
M&T Bank Stadium
53%
Raymond James Stadium
53%
Comerica Park
52%
PNC Park
52%
American Airlines Center
51%
Barclays Center
51%
Nissan Stadium
51%
Nationals Park
49%
Paycor Stadium
49%
Truist Field
49%
Busch Stadium
48%
Wells Fargo Center
48%
American Family Field
47%
Kauffman Stadium
47%
Progressive Field
47%
Capital One Arena
46%
Scotiabank Arena
46%
Scotiabank Saddledome
46%
Smoothie King Center
46%
Toyota Center
45%
Great American Ball Park
44%
Citizens Bank Park
42%
Delta Center
42%
Globe Life Field
41%
LoanDepot Park
41%
Huntington Bank Field
39%
Rate Field
39%
Rocket Arena
39%
Gainbridge Fieldhouse
36%
EverBank Stadium
34%
Fiserv Forum
34%
Honda Center
34%
Intuit Dome
32%
Moda Center
29%
Bell Centre
28%
Golden 1 Center
28%
Kia Center
28%
PPG Paints Arena
28%
UBS Arena
28%
PHX Arena
27%
Prudential Center
27%
Spectrum Center
27%
Bridgestone Arena
26%
Climate Pledge Arena
23%
Amalie Arena
22%
Paycom Center
22%
Sutter Health Park
22%
Nationwide Arena
21%
SAP Center
21%
Canadian Tire Centre
20%
Enterprise Center
20%
KeyBank Center
20%
Xcel Energy Center
18%
Amerant Bank Arena
16%
Canada Life Centre
16%
Delta Center
16%
No matching quizzes found
Score Distribution
Percent of People with Each Score
Percentile by Number Answered
Your Score History
You have not taken this quiz since the last reset